[Event "Zlin Region-chT 2324"]
[Site "Czech Republic"]
[Date "2023.10.22"]
[Round "1.1"]
[White "Rafaja, Marek1"]
[Black "Bazant, Petr Jr"]
[Result "0-1"]
[WhiteElo "1940"]
[BlackElo "2262"]
[PlyCount "69"]
[EventDate "2023.10.22"]
[EventType "team-tourn"]
[EventRounds "11"]
[EventCountry "CZE"]
[SourceTitle "EXT 2025"]
[Source "ChessBase"]
[SourceDate "2024.10.14"]
[SourceVersion "1"]
[SourceVersionDate "2024.10.14"]
[SourceQuality "1"]
[WhiteTeam "Holesov"]
[BlackTeam "Napajedla Slavia"]
[WhiteTeamCountry "CZE"]
[BlackTeamCountry "CZE"]

1. e4 e5 2. Nf3 Nc6 3. Bb5 a6 4. Ba4 Nge7 5. 0-0 d6 6. h3 g6 7. c3 Bg7 8. d3 0-0 9. Re1 b5 10. Bc2 Kh8 11. Nbd2 f5 12. exf5 gxf5 13. Nf1 Qe8 14. Ng3 f4 15. Ne4 Rg8 16. Kh2 Qg6 17. Rg1 d5 18. Nc5 Nf5 19. d4 e4 20. Nxe4 dxe4 21. Bxe4 Re8 22. Qd3 Qf6 23. Ne5 Rxe5 24. dxe5 Nxe5 25. Qc2 Rb8 26. Bxf4 Nd6 27. Bg3 Be6 28. Rae1 Qh6 29. f3 Rf8 30. Rgf1 Ng6 31. Bxg6 hxg6 32. b3 Bg8 33. Re2 Nf5 34. Be5 Bxe5+ 35. Rxe5 0-1

[Event "Zlin Region-chT 2223"]
[Site "Czech Republic"]
[Date "2022.11.27"]
[Round "4.1"]
[White "Bobalik, Petr"]
[Black "Bazant, Petr Jr"]
[Result "1/2-1/2"]
[WhiteElo "1891"]
[BlackElo "2273"]
[PlyCount "71"]
[EventDate "2022.10.09"]
[EventType "team-tourn"]
[EventRounds "11"]
[EventCountry "CZE"]
[SourceTitle "EXT 2024"]
[Source "ChessBase"]
[SourceDate "2023.10.10"]
[SourceVersion "1"]
[SourceVersionDate "2023.10.10"]
[SourceQuality "1"]
[WhiteTeam "Valasske Mezirici"]
[BlackTeam "Stare Mesto II"]
[WhiteTeamCountry "CZE"]
[BlackTeamCountry "CZE"]

1. Nf3 g6 2. d4 Bg7 3. e4 c5 4. Nc3 cxd4 5. Nxd4 d6 6. h3 Nf6 7. Be3 Nc6 8. Qd2 0-0 9. Nb3 a5 10. Bh6 a4 11. Bxg7 Kxg7 12. Nd4 a3 13. b4 Nxb4 14. Rb1 Qa5 15. g4 Be6 16. g5 Ng8 17. Nxe6+ fxe6 18. Qd4+ Kf7 19. Qxb4 Qxg5 20. Qd4 Rac8 21. h4 Qa5 22. Rh3 Rc5 23. Rxb7 e5 24. Qb4 Qd8 25. Rf3+ Kg7 26. Rxf8 Qxf8 27. Bd3 Qf3 28. Nd5 Qh1+ 29. Ke2 Qxh4 30. Qxa3 Qh5+ 31. Kd2 Qf3 32. Qa7 Qxf2+ 33. Kc1 Qg1+ 34. Kb2 Qd4+ 35. Kb3 Kh6 36. Qa8 1/2-1/2

[Event "CZE-chT2E 1920"]
[Site "Czech Republic"]
[Date "2020.02.23"]
[Round "9.2"]
[White "Bazant, Petr Jr"]
[Black "Mudrak, Josef"]
[Result "1/2-1/2"]
[WhiteElo "2273"]
[BlackElo "2239"]
[PlyCount "66"]
[EventDate "2019.10.13"]
[EventType "team-tourn"]
[EventRounds "11"]
[EventCountry "CZE"]
[SourceTitle "EXT 2024"]
[Source "ChessBase"]
[SourceDate "2023.10.10"]
[SourceVersion "1"]
[SourceVersionDate "2023.10.10"]
[SourceQuality "1"]
[WhiteTeam "Stare Mesto II"]
[BlackTeam "Vlcnov"]
[WhiteTeamCountry "CZE"]
[BlackTeamCountry "CZE"]

1. e4 c5 2. c3 Nf6 3. e5 Nd5 4. d4 cxd4 5. Nf3 e6 6. cxd4 Nc6 7. Nc3 Nxc3 8. bxc3 d6 9. exd6 Bxd6 10. Bd3 h6 11. 0-0 0-0 12. Re1 Bd7 13. Ne5 Be8 14. Re3 Qc7 15. Qe2 Rd8 16. Bd2 Nxe5 17. dxe5 Bxe5 18. Rh3 Bc6 19. Qg4 f5 20. Qe2 Qd6 21. Rd1 Rfe8 22. Bc2 Qc7 23. Re1 Bf6 24. Rg3 Kh7 25. Bxh6 gxh6 26. Qh5 Bg7 27. Rxe6 Rxe6 28. Qxf5+ Kg8 29. Qxe6+ Qf7 30. Qxh6 Kf8 31. Qc1 Rd6 32. Bb3 Qf6 33. h3 a6 1/2-1/2

[Event "CZE-chT2E 1920"]
[Site "Czech Republic"]
[Date "2020.02.09"]
[Round "8.2"]
[White "Karlik, Vladimir"]
[Black "Bazant, Petr Jr"]
[Result "1/2-1/2"]
[WhiteElo "2119"]
[BlackElo "2273"]
[PlyCount "31"]
[EventDate "2019.10.13"]
[EventType "team-tourn"]
[EventRounds "11"]
[EventCountry "CZE"]
[SourceTitle "EXT 2024"]
[Source "ChessBase"]
[SourceDate "2023.10.10"]
[SourceVersion "1"]
[SourceVersionDate "2023.10.10"]
[SourceQuality "1"]
[WhiteTeam "Kromeriz Slavia II"]
[BlackTeam "Stare Mesto II"]
[WhiteTeamCountry "CZE"]
[BlackTeamCountry "CZE"]

1. e4 d5 2. exd5 Qxd5 3. Nc3 Qd6 4. d4 Nf6 5. Nf3 a6 6. Ne5 Nc6 7. Nxc6 Qxc6 8. d5 Qd6 9. Be2 e6 10. Bf3 exd5 11. Nxd5 Nxd5 12. Qxd5 Qxd5 13. Bxd5 c6 14. Bb3 Bc5 15. Bf4 0-0 16. 0-0 1/2-1/2

[Event "Stare Mesto op"]
[Site "Stare Mesto"]
[Date "2019.08.24"]
[Round "8"]
[White "Bazant, Petr Jr"]
[Black "Mirzoev, Azer"]
[Result "0-1"]
[WhiteElo "2301"]
[BlackElo "2481"]
[PlyCount "110"]
[EventDate "2019.08.17"]
[EventType "swiss"]
[EventRounds "9"]
[EventCountry "CZE"]
[SourceTitle "EXT 2020"]
[Source "ChessBase"]
[SourceDate "2019.10.17"]
[SourceVersion "1"]
[SourceVersionDate "2019.10.17"]
[SourceQuality "1"]

1. e4 c5 2. Nf3 d6 3. c3 Nf6 4. h3 Nbd7 5. Bd3 b6 6. 0-0 Bb7 7. Re1 Qc7 8. Bc2 Rc8 9. d3 g6 10. Bg5 Bg7 11. Qc1 0-0 12. Bh6 e5 13. Bxg7 Kxg7 14. Nbd2 d5 15. Nf1 Rfe8 16. Ng3 h6 17. Qd2 Rcd8 18. Nh4 Kh7 19. Rad1 Nf8 20. Qc1 b5 21. exd5 Nxd5 22. d4 exd4 23. cxd4 Rxe1+ 24. Rxe1 cxd4 25. Nh5 Qc6 26. Be4 Qxc1 27. Rxc1 Ne6 28. Nf3 Kg8 29. Nf6+ Kg7 30. Bxd5 Bxd5 31. Nxd5 Rxd5 32. Kf1 a5 33. b3 Nc5 34. h4 Ne4 35. Rd1 d3 36. Nd2 Nxd2+ 37. Rxd2 Kf6 38. Rd1 Ke5 39. Re1+ Kd4 40. Re7 Rc5 41. Rd7+ Kc3 42. Ke1 Kc2 43. f4 Rc8 44. Rd6 h5 45. Rd7 b4 46. Rd6 f5 47. Rd7 Rc6 48. Rd5 Re6+ 49. Kf2 d2 50. Rc5+ Kb2 51. Rd5 Kxa2 52. Rxa5+ Kxb3 53. Rd5 Kc3 54. Rc5+ Kd4 55. Rc8 Re1 0-1

[Event "Stare Mesto op"]
[Site "Stare Mesto"]
[Date "2019.08.19"]
[Round "3"]
[White "Horvath, Tomas"]
[Black "Bazant, Petr Jr"]
[Result "0-1"]
[WhiteElo "2048"]
[BlackElo "2301"]
[PlyCount "138"]
[EventDate "2019.08.17"]
[EventType "swiss"]
[EventRounds "9"]
[EventCountry "CZE"]
[SourceTitle "EXT 2020"]
[Source "ChessBase"]
[SourceDate "2019.10.17"]
[SourceVersion "1"]
[SourceVersionDate "2019.10.17"]
[SourceQuality "1"]

1. e4 e5 2. f4 exf4 3. Nf3 Be7 4. Bc4 Nf6 5. Nc3 Nxe4 6. Nxe4 d5 7. Bd3 dxe4 8. Bxe4 Bh4+ 9. Kf1 Nc6 10. d4 Bg4 11. c3 Qd6 12. Qa4 Bxf3 13. Bxf3 0-0 14. d5 g5 15. dxc6 Rae8 16. Bxf4 gxf4 17. Qd4 Qxd4 18. cxd4 Re3 19. cxb7 Rfe8 20. g3 Rxf3+ 21. Kg2 Rd3 22. Rhe1 Rb8 23. gxh4 Rxb7 24. b3 Rb4 25. Rac1 Rd2+ 26. Kf3 Rxa2 27. Rxc7 Rxb3+ 28. Kxf4 Rb6 29. Rg1+ Kf8 30. Rc8+ Ke7 31. Rg7 Rf6+ 32. Ke3 h6 33. Rg4 Ra3+ 34. Ke2 Kd7 35. Rb8 a6 36. d5 Kc7 37. Rgb4 Raf3 38. R8b7+ Kd6 39. Rd4 Ke5 40. Rbb4 Rf2+ 41. Ke1 Rxh2 42. Rd3 Rd6 43. Rf3 f5 44. Rbf4 Rf6 45. d6 Kxd6 46. Rxf5 Re6+ 47. Kd1 Rxh4 48. Ra5 Rd4+ 49. Kc2 Ke7 50. Rc5 Rdd6 51. Rcf5 Rf6 52. Re5+ Rde6 53. Rxe6+ Kxe6 54. Ra3 Kf5 55. Ra4 Rd6 56. Rc4 h5 57. Rc7 h4 58. Rh7 Kg4 59. Rg7+ Kh3 60. Rg5 Kh2 61. Rg4 h3 62. Rg5 Rd4 63. Kc1 Rd3 64. Ra5 Kg1 65. Rg5+ Kf2 66. Kc2 Rg3 67. Rh5 Kg2 68. Rd5 h2 69. Rd2+ Kh3 0-1

[Event "Stare Mesto op"]
[Site "Stare Mesto"]
[Date "2019.08.17"]
[Round "1"]
[White "Bazant, Petr Jr"]
[Black "Kures, Michael"]
[Result "1/2-1/2"]
[WhiteElo "2301"]
[BlackElo "1898"]
[PlyCount "107"]
[EventDate "2019.08.17"]
[EventType "swiss"]
[EventRounds "9"]
[EventCountry "CZE"]
[SourceTitle "EXT 2020"]
[Source "ChessBase"]
[SourceDate "2019.10.17"]
[SourceVersion "1"]
[SourceVersionDate "2019.10.17"]
[SourceQuality "1"]

1. e4 c5 2. Nf3 Nc6 3. c3 d5 4. exd5 Qxd5 5. d4 Nf6 6. Be2 Bf5 7. 0-0 e6 8. Be3 cxd4 9. Nxd4 Be7 10. Nxf5 Qxf5 11. Qb3 Qd5 12. c4 Qd7 13. Rd1 Qc7 14. Nc3 0-0 15. Nb5 Qc8 16. a3 Nd7 17. Nd6 Bxd6 18. Rxd6 Nde5 19. Qc3 Qc7 20. Rad1 Rfd8 21. c5 Rxd6 22. cxd6 Qd7 23. b4 a6 24. a4 Ng6 25. g3 Rc8 26. b5 axb5 27. axb5 Nd8 28. Qb4 e5 29. Bb6 Ne6 30. Qe4 Ng5 31. Bg4 Ne6 32. h4 Ngf8 33. Qxe5 Qe8 34. Be3 Rd8 35. Bf3 Rd7 36. h5 h6 37. Bc1 Qd8 38. Kg2 Qb6 39. Be3 Qd8 40. Rd5 Nh7 41. Qc3 Nf6 42. Rd2 Ne8 43. Qb4 Nxd6 44. Bc6 bxc6 45. bxc6 Qa8 46. Rxd6 Rxd6 47. Qxd6 Nd8 48. Kh2 Nxc6 49. Bc5 Qc8 50. Ba3 Qe6 51. Qf8+ Kh7 52. Bb2 f6 53. Qc5 Qe4 54. Bc3 1/2-1/2

[Event "CZE-chT1E 1819"]
[Site "Czech Republic"]
[Date "2018.11.11"]
[Round "2.3"]
[White "Hosek, Martin"]
[Black "Bazant, Petr Jr"]
[Result "0-1"]
[WhiteElo "2140"]
[BlackElo "2299"]
[PlyCount "62"]
[EventDate "2018.10.21"]
[EventType "team-tourn"]
[EventRounds "11"]
[EventCountry "CZE"]
[SourceTitle "CBM 187 Extra"]
[Source "ChessBase"]
[SourceDate "2018.11.04"]
[SourceVersion "1"]
[SourceVersionDate "2018.11.04"]
[SourceQuality "1"]
[WhiteTeam "Jundrov Jezdci"]
[BlackTeam "Stare Mesto"]
[WhiteTeamCountry "CZE"]
[BlackTeamCountry "CZE"]

1. d4 d5 2. c4 e6 3. Nc3 Nf6 4. Bg5 Be7 5. Nf3 0-0 6. e3 b6 7. cxd5 exd5 8. Bd3 Bb7 9. Qc2 h6 10. Bh4 Na6 11. a3 c6 12. 0-0 Nc7 13. b4 Ne6 14. Rfd1 Nh5 15. Bxe7 Qxe7 16. Rac1 Nf6 17. e4 dxe4 18. Nxe4 Nf4 19. Nxf6+ Qxf6 20. Be4 Rac8 21. Ne5 Rfd8 22. g3 Nh3+ 23. Kf1 Rc7 24. Rd2 Ng5 25. Bg2 Ne6 26. Qb2 c5 27. Bxb7 Nxd4 28. Nxf7 Rxf7 29. Bg2 Re7 30. bxc5 bxc5 31. Rxd4 Qa6+ 0-1

[Event "CZE-chT1E 1718"]
[Site "Czech Republic"]
[Date "2018.04.15"]
[Round "11.1"]
[White "Kulovana, Eva"]
[Black "Bazant, Petr Jr"]
[Result "1/2-1/2"]
[WhiteElo "2131"]
[BlackElo "2320"]
[PlyCount "23"]
[EventDate "2017.10.22"]
[EventType "team-tourn"]
[EventRounds "11"]
[EventCountry "CZE"]
[SourceTitle "EXT 2019"]
[Source "ChessBase"]
[SourceDate "2018.10.10"]
[SourceVersion "1"]
[SourceVersionDate "2018.10.10"]
[SourceQuality "1"]
[WhiteTeam "Brno Lokomotiva"]
[BlackTeam "Stare Mesto"]
[WhiteTeamCountry "CZE"]
[BlackTeamCountry "CZE"]

1. e4 e5 2. Nf3 Nc6 3. Bb5 Nge7 4. Nc3 d6 5. d4 Bd7 6. Be3 a6 7. Bc4 exd4 8. Nxd4 Nxd4 9. Qxd4 b5 10. Be2 Nc6 11. Qd2 Be7 12. Nd5 1/2-1/2

[Event "CZE-chT2E 1718"]
[Site "Czech Republic"]
[Date "2018.03.18"]
[Round "10.3"]
[White "Cip, Dalibor"]
[Black "Bazant, Petr Jr"]
[Result "0-1"]
[WhiteElo "2168"]
[BlackElo "2320"]
[PlyCount "112"]
[EventDate "2017.10.15"]
[EventType "team-tourn"]
[EventRounds "11"]
[EventCountry "CZE"]
[SourceTitle "EXT 2022"]
[Source "ChessBase"]
[SourceDate "2021.10.06"]
[SourceVersion "1"]
[SourceVersionDate "2021.10.06"]
[SourceQuality "1"]
[WhiteTeam "Brno VSK Univ"]
[BlackTeam "Stare Mesto II"]
[WhiteTeamCountry "CZE"]
[BlackTeamCountry "CZE"]

1. c4 Nf6 2. Nf3 c6 3. Nc3 d5 4. cxd5 cxd5 5. d4 Nc6 6. Bf4 a6 7. Rc1 Bf5 8. e3 e6 9. Bd3 Bxd3 10. Qxd3 Be7 11. 0-0 Nh5 12. Be5 f6 13. Bg3 0-0 14. e4 Qd7 15. exd5 exd5 16. Rfe1 Bb4 17. Nd2 Rad8 18. Nf1 Qg4 19. a3 Bxc3 20. bxc3 Rf7 21. h3 Qd7 22. Bh2 g6 23. Ne3 f5 24. Red1 f4 25. Ng4 Kg7 26. Re1 Re7 27. Qf3 Rf8 28. Rxe7+ Qxe7 29. c4 Nf6 30. Nxf6 Nxd4 31. Nh5+ gxh5 32. Qc3 Qf6 33. Kf1 Rc8 34. Qb2 Rxc4 35. Qxb7+ Kh6 36. Rxc4 dxc4 37. Qe4 Ne6 38. Qxc4 Qa1+ 39. Ke2 Qb2+ 40. Ke1 Qe5+ 41. Kd2 Qd6+ 42. Qd3 Qc5 43. Ke2 Qe5+ 44. Kd1 a5 45. g3 Qa1+ 46. Kd2 Qb2+ 47. Ke1 Nd4 48. Qa6+ Kg7 49. Qa7+ Kf6 50. Qa6+ Ke7 51. Qa7+ Kd6 52. Qa6+ Kd5 53. Qxa5+ Ke4 54. Qa8+ Kd3 55. Qa6+ Nb5 56. Kf1 f3 0-1

[Event "CZE-chT1E 1718"]
[Site "Czech Republic"]
[Date "2018.03.04"]
[Round "9.2"]
[White "Bazant, Petr Jr"]
[Black "Mrazek, Lumir"]
[Result "0-1"]
[WhiteElo "2320"]
[BlackElo "2278"]
[PlyCount "74"]
[EventDate "2017.10.22"]
[EventType "team-tourn"]
[EventRounds "11"]
[EventCountry "CZE"]
[SourceTitle "EXT 2019"]
[Source "ChessBase"]
[SourceDate "2018.10.10"]
[SourceVersion "1"]
[SourceVersionDate "2018.10.10"]
[SourceQuality "1"]
[WhiteTeam "Stare Mesto"]
[BlackTeam "Cesky Tesin"]
[WhiteTeamCountry "CZE"]
[BlackTeamCountry "CZE"]

1. e4 c5 2. Nf3 d6 3. c3 Nf6 4. Bd3 Nc6 5. h3 e5 6. 0-0 g5 7. Nh2 Be6 8. Bb5 Qb6 9. a4 0-0-0 10. d4 cxd4 11. Bxg5 Be7 12. Bxc6 bxc6 13. cxd4 Rhg8 14. a5 Qa6 15. h4 h6 16. Bxh6 Nxe4 17. Ra3 Bxh4 18. Nc3 Bxf2+ 19. Rxf2 Nxf2 20. Kxf2 Rg6 21. d5 Rxh6 22. dxe6 Rxh2 23. e7 Re8 24. Qxd6 Qc4 25. Ra4 Qe6 26. Ne4 Rxe7 27. Qc5 Rd7 28. Rc4 Rh6 29. Rb4 Qe7 30. Qc4 Qh4+ 31. Ke2 Qg4+ 32. Kf2 Rf6+ 33. Nxf6 Rd2+ 34. Ke3 Qg5+ 35. Kf3 Qxg2+ 36. Ke3 Qf2+ 37. Ke4 Qf4# 0-1

[Event "CZE-chT2E 1718"]
[Site "Czech Republic"]
[Date "2018.01.28"]
[Round "7.2"]
[White "Bazant, Petr Jr"]
[Black "Pisk, Petr"]
[Result "1/2-1/2"]
[WhiteElo "2320"]
[BlackElo "2337"]
[PlyCount "61"]
[EventDate "2017.10.15"]
[EventType "team-tourn"]
[EventRounds "11"]
[EventCountry "CZE"]
[SourceTitle "EXT 2022"]
[Source "ChessBase"]
[SourceDate "2021.10.06"]
[SourceVersion "1"]
[SourceVersionDate "2021.10.06"]
[SourceQuality "1"]
[WhiteTeam "Stare Mesto II"]
[BlackTeam "Jundrov Jezdci"]
[WhiteTeamCountry "CZE"]
[BlackTeamCountry "CZE"]

1. e4 c5 2. Nf3 e6 3. c3 Nf6 4. e5 Nd5 5. d4 cxd4 6. cxd4 b6 7. Nc3 Nxc3 8. bxc3 Qc7 9. Bd2 d6 10. Bd3 Bb7 11. 0-0 Nd7 12. Re1 dxe5 13. dxe5 Nc5 14. Bb5+ Bc6 15. Bxc6+ Qxc6 16. Bg5 h6 17. Bh4 Qa4 18. Qe2 Qa6 19. Qd2 Qd3 20. Qb2 Na4 21. Qb3 Nc5 22. Qb4 Qa6 23. Rad1 g5 24. Bg3 Be7 25. Qb1 Na4 26. Re3 Rc8 27. Rdd3 Bc5 28. Re1 Be7 29. Ree3 Bc5 30. Re1 Be7 31. Ree3 1/2-1/2

[Event "CZE-chT1E 1718"]
[Site "Czech Republic"]
[Date "2017.12.10"]
[Round "4.3"]
[White "Biolek, Richard"]
[Black "Bazant, Petr Jr"]
[Result "1/2-1/2"]
[WhiteElo "2414"]
[BlackElo "2320"]
[PlyCount "82"]
[EventDate "2017.10.22"]
[EventType "team-tourn"]
[EventRounds "11"]
[EventCountry "CZE"]
[SourceTitle "EXT 2019"]
[Source "ChessBase"]
[SourceDate "2018.10.10"]
[SourceVersion "1"]
[SourceVersionDate "2018.10.10"]
[SourceQuality "1"]
[WhiteTeam "Grygov"]
[BlackTeam "Stare Mesto"]
[WhiteTeamCountry "CZE"]
[BlackTeamCountry "CZE"]

1. Nf3 Nf6 2. g3 b6 3. Bg2 Bb7 4. 0-0 g6 5. c4 Bg7 6. d4 0-0 7. Nc3 d5 8. Ne5 c6 9. cxd5 Nxd5 10. Nxd5 cxd5 11. Qb3 e6 12. Bf4 Nc6 13. Nxc6 Bxc6 14. Be5 Bxe5 15. dxe5 Qd7 16. Qb4 Bb5 17. Bf3 Rac8 18. Rfc1 a5 19. Qd4 Qb7 20. h4 Kg7 21. h5 h6 22. a4 Ba6 23. b4 axb4 24. Qxb4 g5 25. Rab1 Qd7 26. Qd4 Rxc1+ 27. Rxc1 Rc8 28. Rxc8 Bxc8 29. Qxb6 Qxa4 30. Qd8 Qd7 31. Qf6+ Kh7 32. Bg4 d4 33. f4 gxf4 34. gxf4 d3 35. exd3 Qd4+ 36. Kf1 Qxd3+ 37. Be2 Qh3+ 38. Kf2 Qf5 39. Qxf5+ exf5 40. Ke3 Kg7 41. Bc4 Kf8 1/2-1/2

[Event "CZE-chT2E 1718"]
[Site "Czech Republic"]
[Date "2017.12.03"]
[Round "4.2"]
[White "Markovic, Ivan1"]
[Black "Bazant, Petr Jr"]
[Result "1/2-1/2"]
[WhiteElo "2146"]
[BlackElo "2320"]
[PlyCount "256"]
[EventDate "2017.10.15"]
[EventType "team-tourn"]
[EventRounds "11"]
[EventCountry "CZE"]
[SourceTitle "EXT 2022"]
[Source "ChessBase"]
[SourceDate "2021.10.06"]
[SourceVersion "1"]
[SourceVersionDate "2021.10.06"]
[SourceQuality "1"]
[WhiteTeam "Hustopece"]
[BlackTeam "Stare Mesto II"]
[WhiteTeamCountry "CZE"]
[BlackTeamCountry "CZE"]

1. e4 e5 2. Bc4 Nc6 3. Nc3 Nf6 4. d3 Bc5 5. Nf3 d6 6. h3 a6 7. Ne2 Na5 8. Bb3 Nxb3 9. axb3 h6 10. Be3 Qe7 11. Qd2 Bxe3 12. Qxe3 0-0 13. 0-0 c5 14. Ng3 Nh7 15. b4 Bd7 16. bxc5 dxc5 17. c3 Rfe8 18. Rfe1 Rac8 19. d4 cxd4 20. cxd4 exd4 21. Nxd4 Qb4 22. Ngf5 Ng5 23. e5 Rc4 24. Rac1 Rxc1 25. Qxc1 a5 26. Re2 a4 27. Qe3 Bxf5 28. Nxf5 Ne6 29. Qg3 Qf4 30. Qxf4 Nxf4 31. Re4 Nd3 32. Rxa4 Rxe5 33. Nd6 b5 34. Rd4 Nxb2 35. Rb4 Re1+ 36. Kh2 Re2 37. Rxb5 Rxf2 38. Rb8+ Kh7 39. Kg3 Nd3 40. Rb3 Rd2 41. Nc4 Rd1 42. Ne3 Nc5 43. Nxd1 Nxb3 44. Kf4 Nd4 45. Ke5 Ne6 46. Kf5 Kg8 47. g4 Kf8 48. h4 Ke7 49. h5 Nd4+ 50. Ke5 Nc6+ 51. Kf5 f6 52. Ne3 Kf7 53. Kf4 Ne7 54. Nf5 Nc6 55. Nd6+ Ke7 56. Nf5+ Kf8 57. Nd6 Ne5 58. Nf5 Nc4 59. Ke4 Kg8 60. Kf4 Nd2 61. Ne7+ Kf7 62. Nf5 Nb3 63. Nd6+ Kg8 64. Kf5 Nd4+ 65. Kf4 Kh7 66. Ke4 Ne6 67. Kf5 Ng5 68. Kf4 Kg8 69. Kf5 Nf7 70. Ne4 Kh7 71. Kf4 Ng5 72. Nd6 Ne6+ 73. Kf5 Nc5 74. Kf4 g6 75. hxg6+ Kxg6 76. Kg3 Nd3 77. Kf3 Ne5+ 78. Kf4 Nf7 79. Nf5 Nd8 80. Nh4+ Kf7 81. Nf5 Ne6+ 82. Kg3 Kg6 83. Ne7+ Kg5 84. Nd5 Nd4 85. Nc3 Kg6 86. Ne4 Ne6 87. Kh4 Ng5 88. Nd6 Nf3+ 89. Kg3 Nd4 90. Kh4 Nc6 91. Kg3 Ne7 92. Kh4 Nd5 93. Kg3 Kg7 94. Nf5+ Kh7 95. Kh4 Kg6 96. Nd6 Nc3 97. Kg3 Ne2+ 98. Kh4 Kg7 99. Nf5+ Kh7 100. Ne7 Nd4 101. Kh5 Ne6 102. Kh4 Kg7 103. Nf5+ Kg6 104. Ne7+ Kh7 105. Kg3 Kg7 106. Nf5+ Kg6 107. Kh4 Ng7 108. Nd6 Ne6 109. Nf5 Ng5 110. Nd6 Nf3+ 111. Kg3 Ne5 112. Kh4 Nc6 113. Kg3 Ne7 114. Kh4 Ng8 115. Kg3 Kg7 116. Kh4 Kh7 117. Kh5 Ne7 118. Ne8 Nd5 119. Nd6 Nf4+ 120. Kh4 Ne6 121. Kg3 Ng7 122. Kh4 Kg8 123. Kg3 Kf8 124. Kh4 Ke7 125. Ne4 Ke6 126. Nc5+ Kd6 127. Ne4+ Ke5 128. Nc5 Kf4 1/2-1/2

[Event "CZE-chT1E 1718"]
[Site "Czech Republic"]
[Date "2017.11.12"]
[Round "2.2"]
[White "Novosadova, Kristyna"]
[Black "Bazant, Petr Jr"]
[Result "1/2-1/2"]
[WhiteElo "2184"]
[BlackElo "2320"]
[PlyCount "150"]
[EventDate "2017.10.22"]
[EventType "team-tourn"]
[EventRounds "11"]
[EventCountry "CZE"]
[SourceTitle "CBM 181 Extra"]
[Source "ChessBase"]
[SourceDate "2017.12.12"]
[SourceVersion "1"]
[SourceVersionDate "2017.12.12"]
[SourceQuality "1"]
[WhiteTeam "Frydek Mistek II"]
[BlackTeam "Stare Mesto"]
[WhiteTeamCountry "CZE"]
[BlackTeamCountry "CZE"]

1. e4 e5 2. Nf3 Nc6 3. Bb5 Nge7 4. c3 d6 5. d4 Bd7 6. 0-0 Ng6 7. Re1 Be7 8. Nbd2 0-0 9. Nf1 a6 10. Ba4 exd4 11. Bxc6 Bxc6 12. Nxd4 Bd7 13. Ng3 Bg5 14. Ngf5 Bxc1 15. Rxc1 Re8 16. Qg4 Bxf5 17. Nxf5 Qf6 18. Re3 Re6 19. f4 Rae8 20. Rce1 Kh8 21. g3 Nf8 22. Qe2 Nd7 23. Nd4 R6e7 24. b4 g6 25. Qc4 c5 26. Nf3 b5 27. Qd3 Qe6 28. Ng5 Qxa2 29. Qxd6 f6 30. Nf3 cxb4 31. cxb4 Qe6 32. Qxe6 Rxe6 33. Rd3 Nb6 34. e5 fxe5 35. Rxe5 Nc4 36. Rc5 R8e7 37. Rd8+ Kg7 38. Kg2 h6 39. Rcc8 Re2+ 40. Kh3 R2e6 41. Nh4 Nd6 42. Rg8+ Kh7 43. Rh8+ Kg7 44. Rcg8+ Kf7 45. Ra8 Kg7 46. Rhd8 Nf7 47. Rg8+ Kh7 48. Rgc8 Rf6 49. Nf3 g5 50. Ne5 Nxe5 51. Rh8+ Kg6 52. fxe5 Rxe5 53. g4 Re7 54. Rag8+ Rg7 55. Ra8 Rc6 56. Kg3 Rh7 57. Rag8+ Rg7 58. Ra8 Rd6 59. h4 Rd3+ 60. Kf2 gxh4 61. Rxa6+ Kg5 62. Raxh6 Rh3 63. Rh5+ Kxg4 64. Rxb5 Rf3+ 65. Ke2 Kg3 66. Rbh5 Rf4 67. b5 Rd4 68. Ke3 Rgg4 69. Rg8 Rde4+ 70. Kd3 Rd4+ 71. Ke3 h3 72. Rxg4+ Rxg4 73. b6 Rb4 74. Rg5+ Kh4 75. Rg8 Rxb6 1/2-1/2

[Event "CZE-chT1E 1617"]
[Site "Czech Republic"]
[Date "2017.02.05"]
[Round "7.1"]
[White "Bednarik, Josef"]
[Black "Bazant, Petr Jr"]
[Result "0-1"]
[WhiteElo "2128"]
[BlackElo "2338"]
[PlyCount "50"]
[EventDate "2016.10.16"]
[EventType "team-tourn"]
[EventRounds "11"]
[EventCountry "CZE"]
[SourceTitle "CBM 177 Extra"]
[Source "ChessBase"]
[SourceDate "2017.04.27"]
[SourceVersion "1"]
[SourceVersionDate "2017.04.27"]
[SourceQuality "1"]
[WhiteTeam "Zlin"]
[BlackTeam "Stare Mesto"]
[WhiteTeamCountry "CZE"]
[BlackTeamCountry "CZE"]

1. e4 e5 2. Nf3 Nc6 3. d4 exd4 4. Nxd4 Bc5 5. Nb3 Be7 6. Nc3 Nf6 7. f3 0-0 8. Be3 a5 9. Qd2 a4 10. Nd4 Bb4 11. g4 a3 12. b3 d5 13. g5 dxe4 14. Nxc6 bxc6 15. gxf6 Qxd2+ 16. Bxd2 e3 17. Ne4 exd2+ 18. Kd1 Bf5 19. fxg7 Kxg7 20. Rg1+ Kh8 21. c3 Bxe4 22. cxb4 Bxf3+ 23. Kxd2 Rfe8 24. Bc4 Rad8+ 25. Kc2 Re3 0-1

[Event "CZE-chT2E 1617"]
[Site "Czech Republic"]
[Date "2016.11.27"]
[Round "4.1"]
[White "Bazant, Petr Jr"]
[Black "Motuz, Karol"]
[Result "0-1"]
[WhiteElo "2338"]
[BlackElo "2317"]
[PlyCount "70"]
[EventDate "2016.09.10"]
[EventType "team-tourn"]
[EventRounds "11"]
[EventCountry "CZE"]
[SourceTitle "EXT 2022"]
[Source "ChessBase"]
[SourceDate "2021.10.06"]
[SourceVersion "1"]
[SourceVersionDate "2021.10.06"]
[SourceQuality "1"]
[WhiteTeam "Stare Mesto II"]
[BlackTeam "Vsetin"]
[WhiteTeamCountry "CZE"]
[BlackTeamCountry "CZE"]

1. e4 e5 2. Nf3 Nc6 3. Bb5 a6 4. Ba4 Nf6 5. d4 exd4 6. 0-0 Be7 7. e5 Ne4 8. Nxd4 0-0 9. Nf5 Nc5 10. Qg4 g6 11. Bxc6 dxc6 12. Nxe7+ Qxe7 13. Qg3 Re8 14. Bf4 Bf5 15. Re1 Ne6 16. Bh6 Rad8 17. Nd2 Qb4 18. Nf1 Qxb2 19. Ne3 Nd4 20. Qh4 f6 21. Qxf6 Rd7 22. Qh4 c5 23. Rab1 Qc3 24. Bf4 b5 25. Qg3 Bxc2 26. Rbc1 Qb2 27. Ng4 Ne2+ 28. Kh1 Nxg3+ 29. hxg3 Bf5 30. Nf6+ Kf7 31. Nxd7 Bxd7 32. Rxc5 Qxf2 33. Rcc1 Bc6 34. Rg1 Re6 35. a3 Qe2 0-1

[Event "CZE-chT2E 1617"]
[Site "Czech Republic"]
[Date "2016.10.09"]
[Round "1.1"]
[White "Majer, Jiri"]
[Black "Bazant, Petr Jr"]
[Result "1-0"]
[WhiteElo "2228"]
[BlackElo "2338"]
[PlyCount "73"]
[EventDate "2016.09.10"]
[EventType "team-tourn"]
[EventRounds "11"]
[EventCountry "CZE"]
[SourceTitle "EXT 2022"]
[Source "ChessBase"]
[SourceDate "2021.10.06"]
[SourceVersion "1"]
[SourceVersionDate "2021.10.06"]
[SourceQuality "1"]
[WhiteTeam "Kurim"]
[BlackTeam "Stare Mesto II"]
[WhiteTeamCountry "CZE"]
[BlackTeamCountry "CZE"]

1. e4 e5 2. Nf3 Nc6 3. Nc3 Nf6 4. d4 exd4 5. Nxd4 Bc5 6. Be3 Bxd4 7. Bxd4 d6 8. Bb5 0-0 9. 0-0 Bd7 10. Re1 Nxd4 11. Qxd4 Bxb5 12. Nxb5 a6 13. Nc3 Re8 14. Rad1 Ng4 15. h3 Ne5 16. f4 Nc6 17. Qf2 f6 18. Nd5 Qd7 19. c4 Qf7 20. b4 a5 21. b5 Nb4 22. Ne3 Rxe4 23. a3 Rae8 24. axb4 axb4 25. Nd5 Rxc4 26. Rxe8+ Qxe8 27. Qa2 Qe4 28. b6 b3 29. Qxb3 c6 30. Ne3 d5 31. Nxc4 dxc4 32. Qf3 Qe7 33. Rc1 Qb4 34. Qe3 Kf7 35. f5 c3 36. Qe6+ Kf8 37. Qc8+ 1-0